Derecho penal : conforme al Código Penal, texto refundido de 1944 : parte general /

Contiene: Introducción; La ley penal; Parte general: Sistemática de la parte general del derecho penal. El delito; El delito como acción; El delito como acción antijurídica; Causas que excluyen al antijuridicidad; El delito como acción culpable; Causas de inimputabilidad; Causas que excluyen la culp...

Mô tả đầy đủ

Đã lưu trong:
Chi tiết về thư mục
Tác giả chính: Cuello Calón, Eugenio (autor)
Định dạng: Sách
Ngôn ngữ:Tiếng Tây Ban Nha
Phiên bản:9a edición
Những chủ đề:
Các nhãn: Thêm thẻ
Không có thẻ, Là người đầu tiên thẻ bản ghi này!

MARC

LEADER 00000nam^a2200000^a^4500
001 000183792
005 20250521000000.0
009 20260310102051.619
037 |a Acervo ITESO - Biblioteca 
041 |a ESP 
082 |a 345. 46  |b CUE V. 1 
100 |a Cuello Calón, Eugenio  |e (autor) 
240 1 1 |a [Derecho penal] 
245 1 0 |a Derecho penal :  |b conforme al Código Penal, texto refundido de 1944 : parte general /  |c E. Cuello Calón. 
250 |a 9a edición 
264 |a México :  |b Editora Nacional,  |c 1970 
300 |a 788 p. 
336 |a texto  |b txt  |2 rdacontenido 
337 |a sin mediación  |b n  |2 rdamedio 
338 |a volumen  |b nc  |2 rdasoporte 
520 |a Contiene: Introducción; La ley penal; Parte general: Sistemática de la parte general del derecho penal. El delito; El delito como acción; El delito como acción antijurídica; Causas que excluyen al antijuridicidad; El delito como acción culpable; Causas de inimputabilidad; Causas que excluyen la culpabilidad; Causas que modifican la culpabilidad; El delito como acción punible; La pena; Penología. 
649 |a XX 
650 |a Eximentes de Responsabilidad -  |z España 
650 |a Delitos -  |x Causas -  |z España 
650 |a Delitos -  |z España 
650 |a Pena (Derecho) -  |z España 
650 |a Derecho Penal -  |z España -  |x Leyes y Reglamentos 
650 |a Derecho Penal -  |z España 
650 |a Derecho Público -  |z España 
910 |a Fondo General 
920 |a Impresos - Libros 
930 |a Colección General 
905 |a 101 
901 |a 0500124505  |b IT1  |c ACC  |u 20250521 
902 |a https://opac.biblio.iteso.mx/vufind/Record/000183792